Statistiques concernant Départements du Listenburg sur une carte

Cliquez ici pour prendre le quiz!

Statistiques générales

  • Ce quiz a été pris 21 fois
  • Le résultat moyen est 3 sur 35

Réponses sur la Carte

Les réponses sont colorées sur une échelle allant du rouge au vert en fonction du pourcentage des utilisateurs qui les ont devinées à leur premier essai. Vous pouvez retrouver ces pourcentages ci-dessous.
 

Statistiques - réponses

Réponse% Correct
Adrias Norte
28%
Adrias Sur
28%
Ardentia
28%
Äußeres Galizien
22%
Achlußluss
17%
Bachßland
17%
La Pequeña
17%
Portaière
17%
Carmenie
11%
Centiertflußland
11%
Centürland
11%
Fisherein
11%
Franquette
11%
Herkunftland
11%
Ilamas Costilla
11%
Virgolkust
11%
Aschenbach
6%
Chrüterkraft
6%
Geldland
6%
Jesusarh
6%
Kleinland
6%
Langerde
6%
Lichtenland
6%
Missbalder
6%
Mörnland
6%
Oliveweißland
6%
Siegesschlucht
6%
Strander
6%
Talwortes
6%
Wasserland
6%
Auseburg
0%
Frinterland
0%
Kanalerde
0%
Maarland
0%
Serishluss
0%

Distribution des résultats

Percentile par nombre de réponses

% des personnes avec chaque résultat

Votre développement - résultats

Vous n’avez pas pris ce quiz